Els Ormeigs de pescar : els noms dels peixos / A. Griera els noms dels peixos / A. Griera
Publicado:
San Cugat del Vallés :
Instituto Internacional de Cultura Románica de la Excma. Diputación Provincial de Barcelona ,
1968
Descripción Física:
95 p. ; 25 cm
Colección:
Biblioteca filológica histórica ; 23
MARC
| LEADER | 00000nam a2200000Ia 4500 | ||
|---|---|---|---|
| 001 | 1674 | ||
| 008 | 160829s1968 xx 000 0 cat d | ||
| 080 | |a C-1-204 | ||
| 100 | 1 | |a Griera, A. |q (Antoni), |d 1887-1973 |9 36434 | |
| 245 | |a Els Ormeigs de pescar : |b els noms dels peixos / A. Griera | ||
| 260 | |a San Cugat del Vallés : |b Instituto Internacional de Cultura Románica de la Excma. Diputación Provincial de Barcelona, |c 1968 | ||
| 300 | |a 95 p. ; |c 25 cm | ||
| 490 | |a Biblioteca filológica histórica ; 23 | ||
| 590 | |a Bibliografia | ||
| 650 | |a Pesca |x Terminologia |9 32195 | ||
| 650 | |a Peixos |x Noms populars |9 32196 | ||
| 710 | 1 | |a Barcelona (Catalunya : Província). |b Diputació |9 52408 | |
| 710 | 2 | |a Instituto Internacional de Cultura Románica |9 54313 | |
| 901 | |a Arxiu | ||
| 942 | |n 1 | ||
| 952 | |0 0 |1 0 |4 0 |6 C1204 |7 1 |9 45901 |a Arxiu |b Arxiu |d 2016-12-01 |l 0 |o C-1-204 |p 1674 |r 2016-12-01 00:00:00 |w 2016-12-01 |y ARXIU | ||
| 999 | |c 49402 |d 49402 | ||